| 000 | 00804nam a2200193Ia 4500 | ||
|---|---|---|---|
| 003 | GCL | ||
| 008 | 140319s9999 xx 000 0 ara d | ||
| 040 |
_aGCL / _cGCL |
||
| 082 | 0 | 4 |
_a327.112 _bم س |
| 100 | 1 | _aممدوح محمود مصطفى منصور | |
| 245 | 1 | 0 |
_aسياسة التحالف الدولى: دراسة فى اصول نظرية التحالف الدولى ودور الاحلاف فى توازن القوى واستقرار الآنساق الدولية / _cممدوح محمود مصطفى منصور |
| 300 | _a400 ص | ||
| 490 |
_aالهيئة العامة للاستعلامات _v0 |
||
| 650 | 0 | 4 | _aالسياسة الدولية |
| 650 | 0 | 4 | _aالعلاقات الخارجية |
| 650 | 0 | 4 | _aالقوى العظمى |
| 650 | 0 | 4 | _aالسلام العالمى |
| 942 |
_2ddc _cBK |
||
| 999 |
_c48390 _d48390 |
||